| 000 | 01527cab a2200337 4500 | ||
|---|---|---|---|
| 001 | ABS55693 | ||
| 008 | 090401t1996 xxu||||| |||| 00| 0 eng d | ||
| 035 | _a(Sirsi) u18096 | ||
| 041 | _aeng | ||
| 245 | _aHousing Grants, Construction and Regeneration Bill enacted | ||
| 260 | _c1996 | ||
| 350 | _a0 | ||
| 490 |
_aProperty Journal _vAugust 1996, 6-7(2) |
||
| 520 | _aDescribes the key provisions of the Housing Grants Construction and Regeneration Act which received Royal Assent on 24 July 1996. Part I dealss with grants for renewal of private sector housing, Part II construction contracts including adjudication and payments, Part 3 architects registration and Part IV regeneration and development grants, Part V disposal of new town and urban development corporations assets together with miscellaneous provisions. | ||
| 650 | _aMANAGEMENT-DISPUTE AVOIDANCE, MANAGEMENT AND RESOLUTION-DISPUTE MANAGEMENT AND RESOLUTION-ALTERNATIVE DISPUTE RESOLUTION-ADJUDICATION | ||
| 650 | _aARCHITECTS REGISTRATION | ||
| 650 | _aBUILT ENVIRONMENT-BUILDING CONTRACT FORMS | ||
| 650 | _aDEVELOPMENT GRANTS | ||
| 650 | _aDISPOSAL OF ASSETS | ||
| 650 | _aGRANTS | ||
| 650 | _aHOUSING GRANTS CONSTRUCTION AND REGENERATION ACT 1996 | ||
| 650 | _aNEW TOWN DEVELOPMENT CORPORATIONS | ||
| 650 | _aPAYMENT | ||
| 650 | _aPRIVATE SECTOR HOUSING | ||
| 650 | _aREGENERATION GRANTS | ||
| 650 | _aURBAN DEVELOPMENT CORPORAITONS | ||
| 690 | _aBUILT ENVIRONMENT | ||
| 690 | _aHOUSING | ||
| 942 | _n0 | ||
| 948 | _c04/03/1997 | ||
| 999 |
_c12000 _d12000 |
||